000 00718nam a2200289Ia 4500
005 20260324133926.0
008 008 260324s9999 xx 000 0 eng d
020 _a9781315224527
037 _aEBOOK
040 _aCRL
040 _beng
040 _cCRL
041 _2eng
041 _aeng
084 _qCRL
100 _aNicholas Brink, PhD.
_91194904
245 0 _aGrendel and His Mother
245 0 _bHealing the Traumas of Childhood Through Dreams, Imagery, and Hypnosis
260 _bTaylor and Francis
260 _c2002
365 _a
365 _b145
856 _uhttp://www.taylorfrancis.com/books/9781315224527
942 _cEBOOK
999 _c1794464
_d1794464